Nations and households in economic growth : Essays in honor of Moses Abramovitz

Đã lưu trong:
Sonraí Bibleagrafaíochta
Príomhúdar: David, Paul A.
Formáid: Leabhar
Teanga:Undetermined
Foilsithe: New York Academic Press 1974
Ábhair:
Clibeanna: Cuir Clib Leis
Gan Chlibeanna, Bí ar an gcéad duine leis an taifead seo a chlibeáil!
Thư viện lưu trữ: Trung tâm Học liệu Trường Đại học Cần Thơ
LEADER 00569nam a2200193Ia 4500
001 CTU_81814
008 210402s9999 xx 000 0 und d
082 |a 330.1 
082 |b D249 
100 |a David, Paul A. 
245 0 |a Nations and households in economic growth : 
245 0 |b Essays in honor of Moses Abramovitz 
245 0 |c Paul A. David 
260 |a New York 
260 |b Academic Press 
260 |c 1974 
650 |a Economic policy,Macroeconomics,Microeconimics 
904 |i Trọng Hải 
980 |a Trung tâm Học liệu Trường Đại học Cần Thơ